ARRUPE JESUIT UNIVERSITY

CORONAVIRUS -STOP THE SPREAD - CLEAN,DISINFECT,COVER
Normal view MARC view

Entry Personal Name

Number of records used in: 1

001 - CONTROL NUMBER

  • control field: 3921

003 - CONTROL NUMBER IDENTIFIER

  • control field: ARRUPE

005 - DATE AND TIME OF LATEST TRANSACTION

  • control field: 20131126134349.0

008 - FIXED-LENGTH DATA ELEMENTS

  • fixed length control field: 131126|| aca||aabn | a|a d

040 ## - CATALOGING SOURCE

  • Original cataloging agency: ARRUPE
  • Transcribing agency: ARRUPE

100 ## - HEADING--PERSONAL NAME

  • Personal name: Trilling, Lionel,
  • Dates associated with a name: 1905-1975,
  • Relator term: ed.

670 ## - SOURCE DATA FOUND

  • Source citation: Work cat.: (ARRUPE)0: Arnold, Matthew, 1822-1888. 3920, The essential Matthew Arnold;, [1969]

 

Arrupe Library. PO Box MP320 Mt Pleasant, Harare, Zimbabwe
263 242 745411|librarian@aju.ac.zw